| 000 | 00491 a2200181 4500 | ||
|---|---|---|---|
| 005 | 20260113161402.0 | ||
| 008 | 260113b |||||||| |||| 00| 0 eng d | ||
| 020 |
_a9788119776566 _cRs.1995.00 |
||
| 040 | _aMAIN | ||
| 082 |
_a796.0954 _bB169T |
||
| 100 | _aBajwa, Sewa Singh | ||
| 245 | _aTraditional games and sports of India | ||
| 260 |
_bSports Educational Technologies _c2025 _aNew Delhi |
||
| 300 | _a187 | ||
| 650 | _aPhysical Education | ||
| 650 | _aSports India | ||
| 942 | _cBK | ||
| 999 |
_c394101 _d394101 |
||